[Event "SUR-ch"]
[Site "Paramaribo"]
[Date "2012.03.31"]
[Round "11"]
[White "Ramdat Tewarie, John"]
[Black "Sanches, Casanova Romario"]
[Result "0-1"]
[WhiteElo "1897"]
[BlackElo "1997"]
[PlyCount "52"]
[EventDate "2012.03.14"]
[EventType "tourn"]
[EventRounds "13"]
[EventCountry "SUR"]
[SourceTitle "EXT 2013"]
[Source "ChessBase"]
[SourceDate "2012.11.22"]
[SourceVersion "1"]
[SourceVersionDate "2012.11.22"]
[SourceQuality "1"]

1. e4 c5 2. Nf3 d6 3. c3 Nf6 4. Qc2 Qc7 5. d4 cxd4 6. Nxd4 a6 7. Bd3 g6 8. Bg5 Bg7 9. Nd2 Nbd7 10. N2b3 b5 11. Bxf6 Bxf6 12. h4 Ne5 13. Be2 h5 14. 0-0-0 Bd7 15. Kb1 Rc8 16. f4 Ng4 17. Bxg4 Bxg4 18. Rde1 Qb6 19. g3 b4 20. e5 dxe5 21. fxe5 Bg7 22. e6 0-0 23. Rhf1 bxc3 24. Rxf7 Rxf7 25. exf7+ Kxf7 26. bxc3 Bxd4 0-1

[Event "SUR-ch"]
[Site "Paramaribo"]
[Date "2012.03.18"]
[Round "4"]
[White "Ramdat Tewarie, John"]
[Black "Matoewi, Roger"]
[Result "1-0"]
[WhiteElo "1897"]
[BlackElo "2128"]
[PlyCount "119"]
[EventDate "2012.03.14"]
[EventType "tourn"]
[EventRounds "13"]
[EventCountry "SUR"]
[SourceTitle "EXT 2013"]
[Source "ChessBase"]
[SourceDate "2012.11.22"]
[SourceVersion "1"]
[SourceVersionDate "2012.11.22"]
[SourceQuality "1"]

1. e4 c5 2. Nf3 d6 3. c3 Nf6 4. Qc2 e6 5. d4 cxd4 6. cxd4 Be7 7. Bd3 Nc6 8. a3 e5 9. d5 Nb8 10. Nc3 0-0 11. Be3 a6 12. Qb3 Nbd7 13. Na4 b5 14. Nc3 Ng4 15. Bd2 Nc5 16. Qc2 Qb6 17. 0-0 Nxd3 18. Qxd3 Bd7 19. h3 Nf6 20. Be3 Qb7 21. b4 Rfc8 22. Rfc1 Bd8 23. Nd2 Be8 24. f4 Nd7 25. Ne2 Rxc1+ 26. Rxc1 Rc8 27. Rc3 Rxc3 28. Qxc3 Qc7 29. Kf2 f6 30. f5 Qxc3 31. Nxc3 Nb6 32. Bxb6 Bxb6+ 33. Ke2 g6 34. g4 Kg7 35. Nf3 Bd7 36. Nh4 Bd4 37. Nd1 Be8 38. Nf3 Bb6 39. Nc3 gxf5 40. exf5 Bf7 41. Kd3 h5 42. a4 bxa4 43. Nxa4 Ba7 44. Ke4 hxg4 45. hxg4 Be8 46. Nc3 Bb6 47. Nd2 Kf7 48. Nc4 Bc7 49. Kf3 Ke7 50. Kg3 Bd7 51. Kh4 Bc8 52. Kh5 Bd7 53. Kg6 Be8+ 54. Kg7 Bd8 55. Ne4 Bb5 56. Nexd6 e4 57. g5 e3 58. gxf6+ Kd7 59. Nxe3 Kxd6 60. f7 1-0

[Event "SUR-ch"]
[Site "Paramaribo"]
[Date "2012.03.16"]
[Round "2"]
[White "Ramdat Tewarie, John"]
[Black "Veer, Willem"]
[Result "1-0"]
[WhiteElo "1897"]
[BlackElo "1914"]
[PlyCount "47"]
[EventDate "2012.03.14"]
[EventType "tourn"]
[EventRounds "13"]
[EventCountry "SUR"]
[SourceTitle "EXT 2013"]
[Source "ChessBase"]
[SourceDate "2012.11.22"]
[SourceVersion "1"]
[SourceVersionDate "2012.11.22"]
[SourceQuality "1"]

1. e4 d6 2. d4 Nf6 3. Bd3 g6 4. f4 Bg7 5. Nf3 Bg4 6. Be3 Nbd7 7. Nbd2 c6 8. 0-0 0-0 9. h3 Bxf3 10. Qxf3 Qc7 11. c3 b5 12. f5 a5 13. h4 Rab8 14. g4 e5 15. fxe6 fxe6 16. Qh3 Rbe8 17. h5 e5 18. hxg6 hxg6 19. a4 Nb6 20. axb5 a4 21. Kg2 Qd7 22. dxe5 dxe5 23. Bxb6 cxb5 24. g5 1-0